Heat transmission (Record no. 98888)
[ view plain ]
| 000 -LEADER | |
|---|---|
| fixed length control field | 00448nam a22001697i 4500 |
| 082 ## - DEWEY DECIMAL CLASSIFICATION NUMBER | |
| Classification number | QD 101.2 |
| Item number | MC46 |
| 100 ## - MAIN ENTRY--PERSONAL NAME | |
| Personal name | McAdams, William H. |
| 245 ## - TITLE STATEMENT | |
| Title | Heat transmission |
| 250 ## - EDITION STATEMENT | |
| Edition statement | 3rd ed. |
| 264 #1 - PRODUCTION, PUBLICATION, DISTRIBUTION, MANUFACTURE, AND COPYRIGHT NOTICE | |
| Place of production, publication, distribution, manufacture | Tokyo |
| Name of producer, publisher, distributor, manufacturer | Mc-Graw Hill Kogakusha, Ltd. |
| Date of production, publication, distribution, manufacture, or copyright notice | 1954. |
| 300 ## - PHYSICAL DESCRIPTION | |
| Extent | xiv 532 p. |
| Other physical details | col. ill.; 21 cm. |
| 336 ## - CONTENT TYPE | |
| Content type term | text |
| Content type code | txt |
| Source | rdacontent |
| 337 ## - MEDIA TYPE | |
| Media type term | unmediated |
| Media type code | n |
| Source | rdamedia |
| 338 ## - CARRIER TYPE | |
| Carrier type term | volume |
| Carrier type code | nc |
| Source | rdacarrier |
| 650 ## - SUBJECT ADDED ENTRY--TOPICAL TERM | |
| Topical term or geographic name entry element | Technology |
| 942 ## - ADDED ENTRY ELEMENTS (KOHA) | |
| Koha item type | Foreign Books |
| Withdrawn status | Source of classification or shelving scheme | Damaged status | Not for loan | Home library | Current library | Shelving location | Date acquired | Total Checkouts | Full call number | Barcode | Date last seen | Price effective from | Koha item type |
|---|---|---|---|---|---|---|---|---|---|---|---|---|---|
| Library of Congress Classification | Tanay College Library | Tanay College Library | Reserve Section | 01/26/2015 | QD 101.2 MC46 | URSTAN-N3750 | 01/26/2015 | 01/26/2015 | Reserved Books |